000 00448nam a2200181Ia 4500
005 20250423100640.0
008 250422s9999 xx 000 0 und d
020 _a978-0-32160151-3
050 _aQA 76.73.C15 .H363/
100 _aHanly Jeri R
245 0 _aProblem Solving andProgram Design
260 _aBoston
260 _bPerson Education International
260 _c2010
300 _a872 p
650 _aProgram Design
942 _cBK
999 _c33944
_d33944